000 00210nam a22000857a 4500
008 170620b xxu||||| |||| 00| 0 eng d
100 _93549
_aGupta. D. N
245 _aBhagat Singh
260 _aNew Delhi
_bN. B. T
_c2007
999 _c6933
_d6933